| 000 | 02207cam a2200421 i 4500 | ||
|---|---|---|---|
| 999 |
_c64741 _d64741 |
||
| 001 | 19799296 | ||
| 003 | CO-MdFUSB | ||
| 005 | 20190130151144.0 | ||
| 008 | 170720s2018 enk g b 001 0 eng | ||
| 010 | _a 2017034622 | ||
| 020 | _a9781107176621 (hardback) | ||
| 020 | _a9781316629833 (paperback) | ||
| 040 |
_aDLC _bspa _cCO-MdFUSB _erda _dCO-MdFUSB |
||
| 041 | _aeng | ||
| 042 | _apcc | ||
| 043 | _an-us--- | ||
| 082 | 0 | 0 |
_223 _aG 261.7 _bH467g |
| 100 | 1 |
_aHeimburger, Robert W. _d1979- _eautor |
|
| 245 | 1 | 0 |
_aGod and the illegal alien _b: United States immigration law and a theology of politics _c/ Robert W. Heimburger. |
| 264 | 1 |
_aCambridge, United Kingdom ; _aNew York, NY : _bCambridge University Press, _c℗[2018] |
|
| 264 | 4 | _c©2018 | |
| 300 |
_axx, 238 páginas ; _c24 cm. |
||
| 336 |
_2rdacontent _atexto _btxt |
||
| 337 |
_2rdamedia _asin mediación _bn |
||
| 338 |
_2rdacarrier _avolumen _bnc |
||
| 490 | 0 | _aLaw and christianity | |
| 501 | _aIncluye índice (páginas 235- 238) | ||
| 504 | _aBibliografía (páginas 217- 234) | ||
| 505 | 8 | _aIntroducción -- Parte 1. El inmigrante como extranjero -- 1. Cómo surgió el extranjero: lealtad, ley inglesa y ley federal de inmigración -- 2. Acercarse a vecinos lejanos en el mundo de Dios -- Parte II. El extranjero como ilegalmente presente -- 3. Cómo los extranjeros se convirtieron en ilegales: soberanía, migración china y ley federal de inmigración -- 4. La guardia humilde: gobernando la inmigración bajo Dios -- Parte III. ¿Un extranjero presente ilegalmente de un país vecino? -- 5. Cómo los nacionales de los países vecinos se convirtieron en extranjeros ilegales: no discriminación, migración mexicana y ley federal de inmigración -- 6. Justicia y misericordia entre los vecinos -- Conclusión. | |
| 653 | _aTeologia politica | ||
| 653 | _aPolítica y religión -- teología social -- cristianismo | ||
| 653 | _aExtranjeros ilegales -- Estados Unidos | ||
| 906 |
_a7 _bcbc _corignew _d1 _eecip _f20 _gy-gencatlg |
||
| 942 | _cBK | ||